Loading...
| Ancient History and Archaeology | 3 | 13.33 | 100% | 33% | 0% |
| Beliefs | 6 | 11.67 | 83% | 33% | 0% |
| British and Commonwealth History | 1 | 10.00 | 100% | 0% | 0% |
| Current Events | 2 | 15.00 | 100% | 50% | 0% |
| Fine Arts - Auditory Fine Arts | 4 | 12.50 | 100% | 25% | 0% |
| Fine Arts - Visual Fine Arts | 7 | 12.86 | 100% | 29% | 0% |
| Geography | 1 | 20.00 | 100% | 100% | 0% |
| History - American History | 6 | 20.00 | 100% | 67% | 33% |
| History - European History | 4 | 12.50 | 100% | 25% | 0% |
| History - World History | 2 | 5.00 | 50% | 0% | 0% |
| Literature - American Literature | 2 | 15.00 | 100% | 50% | 0% |
| Literature - British Literature | 4 | 7.50 | 75% | 0% | 0% |
| Literature - European Literature | 3 | 6.67 | 67% | 0% | 0% |
| Other Academic | 2 | 15.00 | 100% | 50% | 0% |
| Other Arts: Auditory | 3 | 13.33 | 100% | 33% | 0% |
| Other Science: Astronomy | 1 | 10.00 | 100% | 0% | 0% |
| Other Science: Computer Science | 1 | 0.00 | 0% | 0% | 0% |
| Other Science: Earth Science | 2 | 5.00 | 50% | 0% | 0% |
| Other Science: Math | 1 | 10.00 | 100% | 0% | 0% |
| Philosophy | 4 | 10.00 | 100% | 0% | 0% |
| Science - Biology | 2 | 10.00 | 100% | 0% | 0% |
| Science - Chemistry | 4 | 5.00 | 50% | 0% | 0% |
| Science - Physics | 5 | 2.00 | 20% | 0% | 0% |
| Social Science | 5 | 8.00 | 40% | 40% | 0% |
| World and Other Literature | 5 | 8.00 | 40% | 40% | 0% |